| 000 | 00870nmm a2200277 a 4500 | ||
|---|---|---|---|
| 001 | ocm000587519 | ||
| 003 | TR-IsHL | ||
| 005 | 20201028121351.0 | ||
| 008 | 130705s2005 tu tur | ||
| 007 | cr cn | ||
| 020 | _a9789758911134 | ||
| 035 |
_a587519 _b(N$T) |
||
| 050 | 0 | 4 |
_aPL248.Y87 _bS5 2005 |
| 090 | 0 | 4 |
_aPL248.Y87 _bS5 2005 |
| 100 | 1 | _aYusuf, Selahattin | |
| 245 | 1 | 0 |
_aSirenleri taşa tutun _h[electronic resource] / _cSelahattin Yusuf |
| 250 | _a2. bs. | ||
| 260 |
_aİstanbul : _bİlgi Kültür Sanat Yayıncılık, _c2005 |
||
| 300 | _a155 p. | ||
| 650 | 4 | _aDil ve Edebiyat | |
| 650 | 4 | _aLanguage and Literature | |
| 650 | 0 | _aTürk denemeleri | |
| 650 | 0 | _aTurkish essays | |
| 650 | 7 |
_aLITERARY COLLECTIONS / Middle Eastern _2bisacsh |
|
| 856 | 4 | 0 | _uhttp://search.ebscohost.com/login.aspx?direct=true&scope=site&db=e011xww&AN=587519 |
| 999 |
_c1285 _d1285 |
||